| 000 | 00479nam a2200193Ia 4500 | ||
|---|---|---|---|
| 005 | 20240415135402.0 | ||
| 008 | 131103s9999 xx 000 0 und d | ||
| 020 |
_a81-7041-137-8 _cRs.35 |
||
| 040 | _aLoreto College | ||
| 041 | _aEnglish | ||
| 082 |
_a370.1 _bTAN |
||
| 100 | _aTaneja, R.P. | ||
| 245 |
_aDictionary of Education _cR.P.Taneja |
||
| 260 |
_aNew Delhi _bAnmol _c1989 |
||
| 300 | _a248p. | ||
| 650 | _aEducatuon-Dictionary | ||
| 850 | _aLCBED | ||
| 942 | _cBK | ||
| 999 |
_c26478 _d76957 |
||